[Event "FRA-chT1B 0809"]
[Site "France"]
[Date "2008.10.19"]
[Round "1.8"]
[White "Ferry, Justine"]
[Black "Fruteau, Sabine"]
[Result "1-0"]
[WhiteElo "1880"]
[BlackElo "2117"]
[PlyCount "109"]
[EventDate "2008.10.19"]
[EventType "team-tourn"]
[EventRounds "11"]
[EventCountry "FRA"]
[SourceTitle "EXT 2010"]
[Source "ChessBase"]
[SourceDate "2010.11.25"]
[SourceVersion "1"]
[SourceVersionDate "2010.11.25"]
[SourceQuality "1"]
[WhiteTeam "Gonfreville"]
[BlackTeam "Deauville"]
[WhiteTeamCountry "FRA"]
[BlackTeamCountry "FRA"]

1. d4 Nf6 2. Nf3 e6 3. c4 d5 4. g3 Be7 5. Bg2 c6 6. Qc2 0-0 7. 0-0 Nbd7 8. Nbd2 Re8 9. b3 b5 10. c5 Qc7 11. Bb2 b4 12. a3 Ba6 13. Rfe1 bxa3 14. Rxa3 Bb5 15. e3 Bf8 16. Nb1 a6 17. Nc3 e5 18. Nxb5 axb5 19. Rea1 Rxa3 20. Rxa3 exd4 21. exd4 Ne4 22. b4 Ndf6 23. h3 Qc8 24. Bc1 Nd7 25. Bf4 h6 26. g4 g5 27. Bh2 Bg7 28. Ra7 Qd8 29. Rc7 Nb8 30. Ra7 Nd7 31. Rc7 Ndf6 32. Rxc6 Qa8 33. Rc7 Qa1+ 34. Bf1 Ra8 35. Qe2 Ra2 36. Qe1 Qb2 37. Rb7 Ra1 38. Qe3 Ra3 39. Qe2 Qc3 40. Ne5 Qxd4 41. c6 Rc3 42. c7 Kh7 43. Nf3 Qxb4 44. Rb8 Bf8 45. c8Q Rxc8 46. Rxc8 Bc5 47. Qxb5 Qa3 48. Kg2 Qa2 49. Qe2 Qa7 50. Be5 Qd7 51. Rxc5 Nxg4 52. Rc7 Qf5 53. hxg4 Qxg4+ 54. Bg3 Kg6 55. Ne5+ 1-0

[Event "FRA-chT2 West 0708"]
[Site "France"]
[Date "2008.04.05"]
[Round "10.8"]
[White "Ferry, Justine"]
[Black "Frih, Ameur"]
[Result "0-1"]
[WhiteElo "1874"]
[BlackElo "2109"]
[PlyCount "44"]
[EventDate "2007.10.21"]
[EventType "team"]
[EventRounds "11"]
[EventCountry "FRA"]
[SourceTitle "EXT 2009"]
[Source "ChessBase"]
[SourceDate "2008.11.26"]
[SourceVersion "1"]
[SourceVersionDate "2008.11.26"]
[SourceQuality "1"]
[WhiteTeam "Gonfreville II"]
[BlackTeam "Bois Colombes II"]
[WhiteTeamCountry "FRA"]
[BlackTeamCountry "FRA"]

1. d4 Nf6 2. c4 e6 3. Nc3 Bb4 4. Qc2 c5 5. Nf3 0-0 6. Bd2 d5 7. cxd5 exd5 8. g3 Nc6 9. dxc5 d4 10. Nb5 Bxd2+ 11. Nxd2 Qa5 12. Nd6 Nb4 13. Qc1 d3 14. exd3 Bg4 15. f4 Bf3 16. Rg1 Ng4 17. a3 Rfe8+ 18. N6e4 Nxd3+ 19. Bxd3 Bxe4 20. Bxe4 Rxe4+ 21. Kd1 Rd8 22. b4 Qa4+ 0-1

[Event "FRA-chT2 West 0708"]
[Site "France"]
[Date "2008.02.10"]
[Round "7.8"]
[White "Ferry, Justine"]
[Black "Kancel, Sarah"]
[Result "1-0"]
[WhiteElo "1885"]
[BlackElo "1530"]
[PlyCount "107"]
[EventDate "2007.10.21"]
[EventType "team"]
[EventRounds "11"]
[EventCountry "FRA"]
[SourceTitle "EXT 2009"]
[Source "ChessBase"]
[SourceDate "2008.11.26"]
[SourceVersion "1"]
[SourceVersionDate "2008.11.26"]
[SourceQuality "1"]
[WhiteTeam "Gonfreville II"]
[BlackTeam "Lisieux"]
[WhiteTeamCountry "FRA"]
[BlackTeamCountry "FRA"]

1. d4 Nf6 2. c4 e6 3. Nf3 Bb4+ 4. Bd2 Bxd2+ 5. Nbxd2 0-0 6. g3 Nc6 7. Bg2 d5 8. 0-0 b6 9. Rc1 Bb7 10. a3 a5 11. e3 Rb8 12. Rc2 Ne7 13. Qc1 dxc4 14. Nxc4 Ba6 15. Rd1 Rc8 16. Nfe5 Nd7 17. Nxd7 Qxd7 18. Ne5 Qd6 19. Nc6 Nxc6 20. Bxc6 Rb8 21. Rdd2 Bb7 22. Rc3 Rfc8 23. Rdc2 g6 24. Rc4 b5 25. Rc5 Bxc6 26. Rxc6 Qd7 27. Rxc7 Rxc7 28. Rxc7 Qd8 29. Qc5 Qe8 30. b4 a4 31. Kf1 Qd8 32. Qb6 Kf8 33. Rd7 Qe8 34. Qc7 Ra8 35. Qb7 Rd8 36. Rxd8 Qxd8 37. Qxb5 Qe8 38. Qxe8+ Kxe8 39. Ke2 Kd7 40. Kd3 Kc6 41. Kc4 h6 42. b5+ Kb6 43. Kb4 f6 44. Kxa4 h5 45. Kb4 g5 46. a4 Kb7 47. Kc5 g4 48. b6 f5 49. a5 Kb8 50. Kc6 Kc8 51. b7+ Kb8 52. Kb6 f4 53. a6 fxe3 54. a7# 1-0

[Event "FRA-chT2 West 0708"]
[Site "France"]
[Date "2008.01.19"]
[Round "5.8"]
[White "Ferry, Justine"]
[Black "Le Du, Michel"]
[Result "0-1"]
[WhiteElo "1885"]
[BlackElo "1958"]
[PlyCount "112"]
[EventDate "2007.10.21"]
[EventType "team"]
[EventRounds "11"]
[EventCountry "FRA"]
[SourceTitle "EXT 2009"]
[Source "ChessBase"]
[SourceDate "2008.11.26"]
[SourceVersion "1"]
[SourceVersionDate "2008.11.26"]
[SourceQuality "1"]
[WhiteTeam "Gonfreville II"]
[BlackTeam "Quimper"]
[WhiteTeamCountry "FRA"]
[BlackTeamCountry "FRA"]

1. d4 f5 2. c4 Nf6 3. Nc3 e6 4. Qc2 Be7 5. Nf3 0-0 6. g3 d6 7. Bg2 Qe8 8. 0-0 Qh5 9. e4 fxe4 10. Nxe4 Nc6 11. Qd3 e5 12. d5 Nb4 13. Nxf6+ Bxf6 14. Qb3 Na6 15. Be3 b6 16. Nd2 Bg5 17. Bxg5 Qxg5 18. Qc3 Bf5 19. b4 Qg6 20. Rfe1 Qf6 21. f3 Nb8 22. Ne4 Bxe4 23. Rxe4 Nd7 24. Rae1 a5 25. a3 axb4 26. axb4 Qf5 27. Rf1 Nf6 28. Re2 Qh5 29. Qb2 Ra4 30. Qd2 Rfa8 31. f4 exf4 32. Rxf4 Rxb4 33. Re7 Rb1+ 34. Bf1 Rba1 35. g4 Qg5 36. Qe3 h6 37. Qe6+ Kh8 38. Rf2 Qh4 39. Kg2 R1a2 40. Be2 R2a3 41. Bf3 Ra2 42. Re2 Qg5 43. Rxc7 Rxe2+ 44. Qxe2 Nh5 45. Qc2 Nf4+ 46. Kg3 Nh5+ 47. Kh3 Rf8 48. Qe4 Nf4+ 49. Kg3 Nh5+ 50. Kh3 Nf4+ 51. Kg3 Ng6 52. Kg2 Ne5 53. Be2 Qh4 54. Qe3 Qe1 55. Qe4 Qf2+ 56. Kh3 Nf3 0-1

[Event "FRA-chT Poule Haute"]
[Site "Asnieres sur Seine"]
[Date "2006.05.04"]
[Round "8"]
[White "Milliet, Sophie"]
[Black "Ferry, Justine"]
[Result "1-0"]
[WhiteElo "2328"]
[BlackElo "1860"]
[PlyCount "65"]
[EventDate "2006.05.03"]
[EventType "team-tourn"]
[EventRounds "4"]
[EventCountry "FRA"]
[SourceTitle "EXT 2007"]
[Source "ChessBase"]
[SourceDate "2006.11.23"]
[SourceVersion "1"]
[SourceVersionDate "2006.11.23"]
[SourceQuality "1"]
[WhiteTeam "Clichy"]
[BlackTeam "Gonfreville"]
[WhiteTeamCountry "FRA"]
[BlackTeamCountry "FRA"]

1. e4 c5 2. Nf3 e6 3. c3 Nc6 4. d4 cxd4 5. cxd4 d5 6. e5 Nge7 7. Nc3 Nf5 8. a3 Be7 9. Be2 0-0 10. 0-0 a6 11. g4 Nh4 12. Nxh4 Bxh4 13. f4 f6 14. exf6 Bxf6 15. Be3 g6 16. Qd2 Bg7 17. Rad1 b5 18. Bf3 Na5 19. Qg2 Ra7 20. Ne2 Raf7 21. Qg3 Nc4 22. Bc1 Qd6 23. Bg2 Bd7 24. Kh1 a5 25. Ng1 b4 26. Nf3 Bh6 27. Ne5 Re7 28. b3 Nxa3 29. f5 Bxc1 30. f6 Bg5 31. fxe7 Qxe7 32. Rxf8+ Kxf8 33. Rf1+ 1-0

[Event "FRA-chT Top 16 GpB"]
[Site "France"]
[Date "2006.04.02"]
[Round "7"]
[White "Ferry, Justine"]
[Black "Gras, Delphine"]
[Result "1/2-1/2"]
[WhiteElo "1860"]
[BlackElo "1956"]
[PlyCount "73"]
[EventDate "2006.03.03"]
[EventType "team-tourn"]
[EventRounds "7"]
[EventCountry "FRA"]
[SourceTitle "CBM 111 Extra"]
[Source "ChessBase"]
[SourceDate "2006.05.09"]
[SourceVersion "1"]
[SourceVersionDate "2006.05.09"]
[SourceQuality "1"]
[WhiteTeam "Gonfreville"]
[BlackTeam "Strasbourg"]
[WhiteTeamCountry "FRA"]
[BlackTeamCountry "FRA"]

1. d4 d5 2. c4 e6 3. Nf3 Nf6 4. Nc3 Be7 5. Bf4 0-0 6. e3 c5 7. dxc5 dxc4 8. Qc2 Qa5 9. Bxc4 Qxc5 10. Bd3 Nc6 11. a3 a5 12. Nb5 Qxc2 13. Bxc2 Nd5 14. Bg3 Bf6 15. e4 Nb6 16. Bd6 Be7 17. Bxe7 Nxe7 18. Nd6 Rd8 19. Rd1 Rd7 20. Ne5 Rc7 21. Ndxf7 Ng6 22. Bb1 Rxf7 23. Nxf7 Kxf7 24. Ba2 Ke7 25. 0-0 Bd7 26. f3 Rc8 27. Rc1 Rxc1 28. Rxc1 Bc6 29. Kf2 Nf4 30. Bb1 Ng6 31. Ke3 Ne5 32. b3 a4 33. Kd4 Ned7 34. b4 e5+ 35. Ke3 g5 36. Bd3 Nf8 37. b5 1/2-1/2

[Event "FRA-chT Top 16 GpB"]
[Site "France"]
[Date "2006.03.31"]
[Round "5"]
[White "Ferry, Justine"]
[Black "Lallemand, Roza"]
[Result "0-1"]
[WhiteElo "1860"]
[BlackElo "2279"]
[PlyCount "86"]
[EventDate "2006.03.03"]
[EventType "team-tourn"]
[EventRounds "7"]
[EventCountry "FRA"]
[SourceTitle "CBM 111 Extra"]
[Source "ChessBase"]
[SourceDate "2006.05.09"]
[SourceVersion "1"]
[SourceVersionDate "2006.05.09"]
[SourceQuality "1"]
[WhiteTeam "Gonfreville"]
[BlackTeam "Bischwiller"]
[WhiteTeamCountry "FRA"]
[BlackTeamCountry "FRA"]

1. d4 d6 2. c4 Nd7 3. Nc3 e5 4. Nf3 Ngf6 5. Qc2 c6 6. g3 g6 7. Bg2 Bg7 8. dxe5 dxe5 9. 0-0 0-0 10. Rd1 Qc7 11. Ng5 h6 12. Nge4 Ne8 13. Qd2 Kh7 14. Nd6 Nxd6 15. Qxd6 Qxd6 16. Rxd6 f5 17. b3 e4 18. Bb2 Ne5 19. Rad1 Nf7 20. R6d2 h5 21. f4 Be6 22. Na4 b6 23. Bxg7 Kxg7 24. Kf2 Kf6 25. Nc3 Ke7 26. h4 Rfd8 27. Rxd8 Nxd8 28. Ke3 Nb7 29. Kf2 Nc5 30. Rd4 a5 31. Nd1 a4 32. b4 Na6 33. a3 Nxb4 34. axb4 a3 35. Nc3 a2 36. Nxa2 Rxa2 37. Ke1 Rb2 38. c5 bxc5 39. bxc5 Rc2 40. Kd1 Rxc5 41. Kd2 Ra5 42. Rb4 Ra3 43. Rb7+ Kf6 0-1

[Event "FRA-chT Top 16 GpB"]
[Site "France"]
[Date "2006.03.30"]
[Round "4"]
[White "Nicoara, Malina"]
[Black "Ferry, Justine"]
[Result "1/2-1/2"]
[WhiteElo "2237"]
[BlackElo "1860"]
[PlyCount "89"]
[EventDate "2006.03.03"]
[EventType "team-tourn"]
[EventRounds "7"]
[EventCountry "FRA"]
[SourceTitle "CBM 111 Extra"]
[Source "ChessBase"]
[SourceDate "2006.05.09"]
[SourceVersion "1"]
[SourceVersionDate "2006.05.09"]
[SourceQuality "1"]
[WhiteTeam "Nice"]
[BlackTeam "Gonfreville"]
[WhiteTeamCountry "FRA"]
[BlackTeamCountry "FRA"]

1. d4 d5 2. c4 e6 3. Nc3 Be7 4. Bf4 Nf6 5. e3 0-0 6. Qc2 c5 7. dxc5 Qa5 8. Nf3 Bxc5 9. cxd5 Nxd5 10. Bd3 h6 11. 0-0 Nxf4 12. exf4 Nc6 13. Ne4 Bb6 14. a3 Nd4 15. Nxd4 Bxd4 16. Rad1 Qb6 17. b4 e5 18. fxe5 Bxe5 19. Nc5 Qc7 20. h3 b6 21. Bh7+ Kh8 22. Be4 Rb8 23. Nd7 Qxc2 24. Bxc2 Bxd7 25. Rxd7 Rbc8 26. Be4 Bb8 27. g4 Rc3 28. Rfd1 Rc7 29. Kg2 Rxd7 30. Rxd7 g6 31. Bd5 Kg7 32. Kf3 Kf6 33. a4 g5 34. b5 Kg7 35. Ke4 Kg6 36. Kd4 Kf6 37. f3 Be5+ 38. Kd3 Bb8 39. Bc4 Kg6 40. Kd4 Kf6 41. Bd5 Be5+ 42. Kd3 Bb8 43. Bb3 Kg6 44. Kd4 Kf6 45. Bd5 1/2-1/2

[Event "FRA-chT U20"]
[Site "Mulhouse"]
[Date "2005.12.18"]
[Round "4"]
[White "Ferry, Justine"]
[Black "Loiseau, Jean"]
[Result "1-0"]
[WhiteElo "1864"]
[BlackElo "1709"]
[PlyCount "147"]
[EventDate "2005.12.??"]
[EventType "team"]
[EventRounds "11"]
[EventCountry "FRA"]
[SourceTitle "EXT 2007"]
[Source "ChessBase"]
[SourceDate "2006.11.23"]
[SourceVersion "1"]
[SourceVersionDate "2006.11.23"]
[SourceQuality "1"]
[WhiteTeam "Gonfreville"]
[BlackTeam "Bischwiller"]
[WhiteTeamCountry "FRA"]
[BlackTeamCountry "FRA"]

1. d4 d5 2. c4 e6 3. Nf3 Nf6 4. g3 Bd6 5. Bg2 c6 6. Qc2 0-0 7. 0-0 Nbd7 8. Bf4 Qc7 9. Bxd6 Qxd6 10. Rd1 Re8 11. Nbd2 b6 12. e4 Qe7 13. e5 Nh5 14. Nb3 g6 15. Rac1 Ba6 16. c5 b5 17. Qd2 Rec8 18. Ne1 Nf8 19. f4 Ng7 20. Nc2 Rc7 21. Re1 Bc8 22. Ne3 Ne8 23. Na5 Bd7 24. b4 Ng7 25. Qf2 a6 26. g4 Raa7 27. g5 Ne8 28. Ng4 Bc8 29. Qh4 Nd7 30. Nh6+ Kh8 31. Rc3 Qf8 32. Rh3 Qg7 33. Nb3 Ra8 34. Ng4 Raa7 35. Rhe3 Rab7 36. Nf6 Nexf6 37. exf6 Qg8 38. Bh3 Nf8 39. Qh6 Ra7 40. Kh1 Rab7 41. Bg4 Ra7 42. f5 Rab7 43. fxe6 Bxe6 44. Qh3 Rb8 45. Qg3 Rcb7 46. Na5 Bxg4 47. Nxb7 Rxb7 48. Qxg4 Ne6 49. h4 Rc7 50. Qg3 Rd7 51. Qg4 Rc7 52. Rg1 Rb7 53. Rh3 Rc7 54. h5 Rb7 55. hxg6 Qxg6 56. Rh6 Qd3 57. Qh3 Qe4+ 58. Qg2 Qxd4 59. Qg4 Qxg4 60. Rxg4 Rb8 61. g6 fxg6 62. Rgxg6 Rg8 63. Rxg8+ Kxg8 64. Kg2 Kf7 65. Kf3 Ng5+ 66. Kf4 Ne4 67. Ke5 Kg8 68. f7+ Kxf7 69. Rxh7+ Kg6 70. Rc7 Nf2 71. Rxc6+ Kg5 72. Kxd5 Nd3 73. a3 Nf4+ 74. Kd6 1-0

[Event "FRA-chT U20 0506"]
[Site "France"]
[Date "2005.11.13"]
[Round "2.2"]
[White "Lambert, Romain"]
[Black "Ferry, Justine"]
[Result "0-1"]
[WhiteElo "1750"]
[BlackElo "1864"]
[PlyCount "60"]
[EventDate "2005.11.12"]
[EventType "team"]
[EventRounds "3"]
[EventCountry "FRA"]
[SourceTitle "CBM 109 Extra"]
[Source "ChessBase"]
[SourceDate "2006.01.03"]
[SourceVersion "2"]
[SourceVersionDate "2006.01.03"]
[SourceQuality "1"]

1. d4 d5 2. c4 e6 3. Nc3 Be7 4. Nf3 Nf6 5. Bg5 h6 6. Bh4 0-0 7. e3 b6 8. Bd3 Bb7 9. 0-0 Nbd7 10. Qe2 dxc4 11. Bxc4 Ne4 12. Bxe7 Qxe7 13. Nxe4 Bxe4 14. Bd3 Bb7 15. Rac1 c5 16. dxc5 Nxc5 17. Bb1 Ba6 18. Qc2 Bd3 19. Qc3 Bxf1 20. Kxf1 a5 21. Nd4 Qf6 22. b4 axb4 23. Qxb4 e5 24. Nf5 Ra4 25. Qb3 Rd8 26. Qb5 Ra7 27. Qe2 Rad7 28. Qg4 Qg5 29. Qxg5 hxg5 30. g4 Rd1+ 0-1

[Event "Sainte Marie op"]
[Site "Sainte Marie"]
[Date "2005.10.18"]
[Round "4"]
[White "Ferry, Justine"]
[Black "Bricard, Herve"]
[Result "1/2-1/2"]
[WhiteElo "1864"]
[BlackElo "2126"]
[PlyCount "84"]
[EventDate "2005.10.15"]
[EventType "swiss"]
[EventRounds "9"]
[EventCountry "FRA"]
[SourceTitle "EXT 2006"]
[Source "ChessBase"]
[SourceDate "2005.11.24"]
[SourceVersion "1"]
[SourceVersionDate "2005.11.24"]
[SourceQuality "1"]

1. d4 Nf6 2. c4 c5 3. d5 e5 4. Nc3 d6 5. g3 Be7 6. Bg2 Nbd7 7. Nf3 Nf8 8. 0-0 Ng6 9. Qc2 Bd7 10. Bg5 h6 11. Bxf6 Bxf6 12. Nd2 0-0 13. Be4 Ne7 14. Bh7+ Kh8 15. Nde4 Nc8 16. Nxf6 Qxf6 17. Be4 Bh3 18. Bg2 Bxg2 19. Kxg2 Nb6 20. b3 Nd7 21. Nd1 Rae8 22. e4 g6 23. Ne3 Qe7 24. Rae1 Nf6 25. f3 Nh5 26. Qd2 Nf6 27. Ng4 Nxg4 28. fxg4 Kg7 29. h3 b6 30. Rf3 f6 31. Ref1 Rf7 32. Qf2 Ref8 33. a3 Qd7 34. Qc2 a6 35. a4 b5 36. axb5 axb5 37. cxb5 Qxb5 38. Qc4 Rb8 39. h4 Qxc4 40. bxc4 g5 41. h5 Rb2+ 42. R1f2 Rb4 1/2-1/2

[Event "FRA-ch U16 Girls"]
[Site "Calvi"]
[Date "2005.04.21"]
[Round "6"]
[White "Ferry, Justine"]
[Black "Gras, Delphine"]
[Result "1/2-1/2"]
[WhiteElo "1882"]
[BlackElo "1952"]
[PlyCount "104"]
[EventDate "2005.04.??"]
[EventType "swiss"]
[EventRounds "9"]
[EventCountry "FRA"]
[SourceTitle "EXT 2006"]
[Source "ChessBase"]
[SourceDate "2005.11.24"]
[SourceVersion "1"]
[SourceVersionDate "2005.11.24"]
[SourceQuality "1"]

1. d4 d5 2. c4 e6 3. Nf3 Nf6 4. g3 dxc4 5. Bg2 c6 6. a4 a6 7. Qc2 b5 8. 0-0 Bb7 9. b3 cxb3 10. Qxb3 Be7 11. Nc3 0-0 12. Ba3 Nbd7 13. e4 Bxa3 14. Qxa3 Nb6 15. Rfd1 Nc4 16. Qb3 Qe7 17. Nd2 Nb6 18. a5 Nbd7 19. e5 Nd5 20. Nce4 c5 21. Nxc5 Nxc5 22. dxc5 Qxc5 23. Ne4 Qa7 24. Nd6 Rad8 25. Rd2 f6 26. Re1 fxe5 27. Nxb7 Qxb7 28. Rxe5 Qf7 29. Bh3 Nc7 30. Rde2 Rde8 31. Rxe6 Nxe6 32. Bxe6 Rxe6 33. Qxe6 Qxe6 34. Rxe6 Rf6 35. Rb6 Kf7 36. Rb7+ Kg6 37. f4 h5 38. Kg2 Rf7 39. Rb6+ Rf6 40. Rb7 Re6 41. Rb6 Kf5 42. Kf3 g6 43. h3 Kf6 44. Rb7 Rd6 45. Ke4 Ke6 46. g4 Rd7 47. Rb6+ Rd6 48. f5+ gxf5+ 49. gxf5+ Ke7 50. Ke5 Rd3 51. Rxa6 Re3+ 52. Kd5 Rxh3 1/2-1/2

[Event "FRA-ch U16 Girls"]
[Site "Calvi"]
[Date "2005.04.17"]
[Round "1"]
[White "Weigel, Marie"]
[Black "Ferry, Justine"]
[Result "0-1"]
[WhiteElo "1550"]
[BlackElo "1882"]
[PlyCount "68"]
[EventDate "2005.04.??"]
[EventType "swiss"]
[EventRounds "9"]
[EventCountry "FRA"]
[SourceTitle "EXT 2006"]
[Source "ChessBase"]
[SourceDate "2005.11.24"]
[SourceVersion "1"]
[SourceVersionDate "2005.11.24"]
[SourceQuality "1"]

1. d4 d5 2. Nf3 Nf6 3. Bf4 Bf5 4. e3 e6 5. Bd3 Bg6 6. 0-0 Nbd7 7. c4 dxc4 8. Bxc4 Nb6 9. Bd3 Be7 10. Nc3 Nbd5 11. Bg3 Nxc3 12. bxc3 Ne4 13. Qc2 Nxg3 14. fxg3 Bxd3 15. Qxd3 0-0 16. c4 Rc8 17. Qb3 b6 18. Ne5 c5 19. d5 exd5 20. cxd5 Bf6 21. Nc6 Rxc6 22. dxc6 Bxa1 23. Rxa1 Qf6 24. Rd1 Qxc6 25. a4 c4 26. Qc2 a6 27. Rd4 b5 28. axb5 axb5 29. Qc3 Rc8 30. Qb4 Qe8 31. Kf2 c3 32. Rd1 Qc6 33. Rc1 Qd5 34. Rc2 Qf5+ 0-1

[Event "France-ch U14 Girls"]
[Site "Reims"]
[Date "2004.04.24"]
[Round "8"]
[White "Le Bail, Clara"]
[Black "Ferry, Justine"]
[Result "0-1"]
[WhiteElo "1920"]
[BlackElo "1750"]
[PlyCount "92"]
[EventDate "2004.04.??"]
[EventType "swiss"]
[EventRounds "9"]
[EventCountry "FRA"]
[SourceTitle "EXT 2005"]
[Source "ChessBase"]
[SourceDate "2004.11.15"]
[SourceVersion "1"]
[SourceVersionDate "2004.11.15"]
[SourceQuality "1"]

1. e4 e5 2. Nc3 Nf6 3. g3 d6 4. Bg2 Be7 5. Nge2 c6 6. d3 0-0 7. 0-0 d5 8. exd5 Nxd5 9. Nxd5 cxd5 10. f4 exf4 11. Nxf4 d4 12. Qh5 Nc6 13. Nd5 g6 14. Qf3 Be6 15. Bh6 Re8 16. Rae1 Bxd5 17. Qxd5 Qxd5 18. Bxd5 Nd8 19. Bg5 Kf8 20. Bxe7+ Rxe7 21. Rxe7 Kxe7 22. Rf4 Rc8 23. Re4+ Kf8 24. Re2 Nc6 25. Bxc6 Rxc6 26. Kf2 Rf6+ 27. Ke1 Rb6 28. b3 Rc6 29. a4 Re6 30. Kd2 Ke7 31. Re4 Rxe4 32. dxe4 Ke6 33. Kd3 Ke5 34. b4 b6 35. h3 a6 36. g4 h5 37. gxh5 gxh5 38. h4 f6 39. b5 a5 40. Ke2 Kxe4 41. Kf2 f5 42. Ke2 f4 43. Kf2 f3 44. Kf1 Ke3 45. Ke1 f2+ 46. Kf1 Kd2 0-1

[Event "France-ch U14 Girls"]
[Site "Reims"]
[Date "2004.04.23"]
[Round "7"]
[White "Ferry, Justine"]
[Black "Perrusset, Barbara"]
[Result "1-0"]
[WhiteElo "1750"]
[BlackElo "1950"]
[PlyCount "101"]
[EventDate "2004.04.??"]
[EventType "swiss"]
[EventRounds "9"]
[EventCountry "FRA"]
[SourceTitle "EXT 2005"]
[Source "ChessBase"]
[SourceDate "2004.11.15"]
[SourceVersion "1"]
[SourceVersionDate "2004.11.15"]
[SourceQuality "1"]

1. d4 d5 2. c4 c6 3. Nf3 Nf6 4. Nc3 e6 5. Bg5 Nbd7 6. e3 Qa5 7. cxd5 Nxd5 8. Qd2 Bb4 9. Rc1 N7f6 10. Bd3 h6 11. Bh4 Nd7 12. 0-0 0-0 13. a3 Bxc3 14. bxc3 Qxa3 15. e4 N5b6 16. e5 Re8 17. Ra1 Qf8 18. Bc2 c5 19. Qd3 g6 20. Nd2 cxd4 21. cxd4 Nd5 22. Nc4 Qg7 23. Nd6 Rf8 24. Bb3 N7b6 25. f4 a6 26. Rab1 Rb8 27. Bc2 Bd7 28. Bf6 Qh7 29. Qg3 Nxf6 30. Rxb6 Nh5 31. Qg4 Bc6 32. Nxf7 Kxf7 33. Qxh5 Rg8 34. Qh4 Qg7 35. Rfb1 Rgd8 36. h3 Bb5 37. Bd3 Bc6 38. Bxa6 g5 39. fxg5 hxg5 40. Qf2+ Ke8 41. Qb2 Be4 42. Bxb7 Bxb7 43. Rxb7 Rxb7 44. Qxb7 Qg6 45. Qc6+ Kf8 46. Rf1+ Kg8 47. Rf6 Qb1+ 48. Kh2 Qd3 49. Qxe6+ Kh8 50. Rh6+ Kg7 51. Qf6+ 1-0

[Event "France-ch U14 Girls"]
[Site "Reims"]
[Date "2004.04.22"]
[Round "6"]
[White "Ferry, Justine"]
[Black "Brih, Touatia"]
[Result "1/2-1/2"]
[WhiteElo "1750"]
[BlackElo "1968"]
[PlyCount "84"]
[EventDate "2004.04.??"]
[EventType "swiss"]
[EventRounds "9"]
[EventCountry "FRA"]
[SourceTitle "EXT 2005"]
[Source "ChessBase"]
[SourceDate "2004.11.15"]
[SourceVersion "1"]
[SourceVersionDate "2004.11.15"]
[SourceQuality "1"]

1. Nf3 g6 2. g3 d6 3. Bg2 Bg7 4. 0-0 f5 5. d3 Nf6 6. Nbd2 0-0 7. Nc4 e5 8. e4 f4 9. Qe2 Ne8 10. h3 g5 11. g4 Nc6 12. b3 h5 13. Nh2 Nd4 14. Qd1 f3 15. Nxf3 hxg4 16. Nxg5 gxh3 17. Bh1 Nf6 18. c3 Nb5 19. a4 Nxc3 20. Qc2 b5 21. Qxc3 bxc4 22. Qxc4+ d5 23. exd5 h2+ 24. Kxh2 Ng4+ 25. Kg1 Qd6 26. Ne6 e4 27. f4 Bxe6 28. dxe6 Bxa1 29. Qxe4 Qd4+ 30. Qxd4 Bxd4+ 31. Kg2 Rae8 32. Kg3 Nf6 33. f5 Nh5+ 34. Kg4 Ng7 35. Bd5 Nxe6 36. Re1 Kg7 37. fxe6 Rf6 38. e7 Rd6 39. Bc4 Bc5 40. Bg5 Rg6 41. Kf5 Bb4 42. Re6 Rxg5+ 1/2-1/2